000 00332nam a2200145Ia 4500
008 210210b2000 xxu||||| |||| 00| 0 eng d
082 _a362.29 PERA
100 _aPEREIRA (Saul).
245 _aAddictions.
260 _a
_bSaul Pereira
_c2000
300 _a57
650 _aAlcoholism
690 _aSocial Welfare
906 _a046244
999 _c95528
_d95528